Jesús nachfolgen: arm, ehelos, gehorsam
Guardat en:
| Autor principal: | |
|---|---|
| Format: | Llibre |
| Idioma: | alemany |
| Publicat: |
Friburgo de Brisgovia
Johannes
1982
|
| Edició: | 1a. ed |
| Col·lecció: | Antwort des Glaubens, 27
|
| Matèries: | |
| Etiquetes: |
Afegir etiqueta
Sense etiquetes, Sigues el primer a etiquetar aquest registre!
|
MARC
| LEADER | 00000cam a2200000 a 4500 | ||
|---|---|---|---|
| 001 | UCE7535 | ||
| 003 | CL-VaPUC | ||
| 008 | 150626e19820000gw |||||||||||||||||ger|d | ||
| 082 | 0 | 4 | |a 248.804 |b BAL |2 21 |
| 100 | 0 | |a Balthasar, Hans Urs von |e author |9 580180 | |
| 245 | 1 | 0 | |a Jesús nachfolgen: arm, ehelos, gehorsam |
| 250 | |a 1a. ed | ||
| 300 | |a 15 p | ||
| 942 | |c BK | ||
| 945 | |d 20150626 15:30:00 |a dcastane | ||
| 260 | |a Friburgo de Brisgovia |b Johannes |c 1982 | ||
| 650 | 0 | |a Vocación sacerdotal |9 392453 | |
| 650 | 0 | |a Vocación religiosa |9 392452 | |
| 650 | 7 | |a CELIBATO |2 CL-VaPUC |9 334066 | |
| 583 | |a last modification |c 20150626 15:30:00 |k Rodrigo Vera | ||
| 490 | 0 | |a Antwort des Glaubens, 27 | |
| 999 | |c 359597 |d 359595 | ||
| 952 | |0 0 |1 0 |3 erb |4 0 |6 248_804000000000000_BAL_1982 |7 0 |8 A |9 468865 |a BIBTEO |b BIBTEO |e Casale Rolle, Carlos Ignacio, -2014 |i 5187443 |o 248.804 BAL 1982 |p 5187443 |r 2025-01-17 |w 2019-11-23 |y BK |z Catalogado en:20150626 |k ICR | ||